00487nam a22001577a 450000500170000001000170001702000260003403500170006003700220007708200080009910000190010724500760012626000290020227000680023130000300029920140721155605.0 aB-534619-634 a9789332519435c375.00 aB-534619-634 adplbStar Pub/Ven a000 aMadaan, K.V.S. aUGC Net/Set Paper 1:bteaching and research aptitude/cby K.V.S. Madaan aNew DelhibPearsonc2014 a11 Community Centre, Panchsheel ParkbNew Delhie110017 (India) avarious pages.c23cm(pbk)